|
|
|
|
| LEADER |
00000nab a2200000 a 4500 |
| 001 |
vtls000170367 |
| 003 |
SK-MaSNL |
| 005 |
20260319074751.0 |
| 008 |
111031c1982 xo 0 eng |
| 015 |
|
|
|a SNBRA19rr/mm-uuuuu
|
| 035 |
|
|
|a CL0180478
|
| 040 |
|
|
|a SNKBUCL
|b slo
|c SNKBUCL
|e AACR2
|
| 041 |
0 |
|
|a eng
|
| 044 |
|
|
|a xo
|c SK
|
| 080 |
|
|
|a 636.32/.38.053
|2 1981
|
| 100 |
1 |
|
|a Dimanov, D.
|4 aut
|9 938833
|
| 245 |
1 |
0 |
|a Effect of selenium on growth and development of weaned lambs
|c D. Dimanov, E. Lazarov, G. Petkov
|
| 650 |
0 |
7 |
|a jahňatá
|2 snkbucl
|9 18591
|
| 655 |
|
7 |
|a články zo zborníkov
|2 snkbucl
|9 166140
|
| 700 |
1 |
|
|a Lazarov, E.
|4 aut
|9 938834
|
| 700 |
1 |
|
|a Petkov, G.
|4 aut
|9 938835
|
| 773 |
0 |
|
|t Fourth international congress of animal hygiene
|d Bratislava : ÚVO, 1982
|
| 850 |
|
|
|a Slovenská národná knižnica v Martine
|a MTA001
|
| 852 |
|
|
|a SNK
|b KIS3GCP
|
| 958 |
|
|
|a RK
|
| 992 |
|
|
|a RZB
|
| 999 |
|
|
|c 1492621
|d 1494551
|